Những vb pháp quy về THu

Kaydedildi:
Detaylı Bibliyografya
Yazar: Bộ tài chính
Materyal Türü: Kitap
Dil:Vietnamese
Baskı/Yayın Bilgisi: TC 1999
Etiketler: Etiketle
Etiket eklenmemiş, İlk siz ekleyin!
Thư viện lưu trữ: Mạng thư viện Đại học Đà Nẵng
LEADER 00613nam a2200277 4500
001 000026687
003 749
005 20150325120000.0
008 150325s vm 000 vie
020 |c 70,0000 
040 |a NOTTS 
100 |a Bộ tài chính 
245 |a Những vb pháp quy về THu 
260 |b TC  |c 1999 
300 |a 851tr. ; 
OWN |a LTT 
999 |a From the UDN01 
TYP |a Monograph 
TYP |a Printed language 
980 |a Mạng thư viện Đại học Đà Nẵng